000
00226nam a22000857a 4500
008
160718b xxu||||| |||| 00| 0 eng d
100
_9
3015
_a
Grosset, G
245
_a
William Shakespeare
260
_a
Scotland
_b
Geddes & Grosset
_c
2001
999
_c
2578
_d
2578